Welcome to CU Library Online Public Access Catalogue (OPAC)

Copyright, patent, trademark, and related state doctrines : (Record no. 350)

MARC details
000 -LEADER
fixed length control field 00732cam a2200217 a 4500
001 - CONTROL NUMBER
control field 242747
005 - DATE AND TIME OF LATEST TRANSACTION
control field 20241029165718.0
008 - FIXED-LENGTH DATA ELEMENTS--GENERAL INFORMATION
fixed length control field 990615s1999 nyua 001 0 eng
020 ## - INTERNATIONAL STANDARD BOOK NUMBER
International Standard Book Number 1566627567
050 00 - LIBRARY OF CONGRESS CALL NUMBER
Classification number KF2978
Item number .G63 1999
082 00 - DEWEY DECIMAL CLASSIFICATION NUMBER
Classification number 346.7304/8
Edition information 21
100 1# - MAIN ENTRY--PERSONAL NAME
Personal name Goldstein, Paul,
Dates associated with a name 1943-
245 10 - TITLE STATEMENT
Title Copyright, patent, trademark, and related state doctrines :
Remainder of title cases and materials on the law of intellectual property /
Statement of responsibility, etc. by Paul Goldstein.
250 ## - EDITION STATEMENT
Edition statement Rev. 4th ed.
260 ## - PUBLICATION, DISTRIBUTION, ETC.
Place of publication, distribution, etc. New York :
Name of publisher, distributor, etc. Foundation Press,
Date of publication, distribution, etc. 1999.
300 ## - PHYSICAL DESCRIPTION
Extent xxiv, 1072 p. :
Other physical details ill. ;
Dimensions 26 cm.
440 #0 - SERIES STATEMENT/ADDED ENTRY--TITLE
Title University casebook series
500 ## - GENERAL NOTE
General note Includes index.
650 #0 - SUBJECT ADDED ENTRY--TOPICAL TERM
Topical term or geographic name entry element Intellectual property
Geographic subdivision United States
General subdivision Cases.
942 ## - ADDED ENTRY ELEMENTS (KOHA)
Source of classification or shelving scheme Library of Congress Classification
Koha item type Books
Suppress in OPAC No
999 ## -
-- 350
-- 350
Holdings
Withdrawn status Lost status Source of classification or shelving scheme Damaged status Not for loan Collection Home library Current library Date acquired Total checkouts Full call number Barcode Date last seen Copy number Price effective from Koha item type
    Library of Congress Classification     Non-fiction Law Library Annex (Miotso) Law Library Annex (Miotso) 10/29/2024   KF2978.G63 COP LLM00000053 10/29/2024 1 10/29/2024 Books
© 2023-2024 Copyright: Central University Libraries. All Rights Reserved | Created by: Mahone Tech Office